Klicke die asiatischen Hauptstädte auf einer Karte an - Statistiken

Allgemein
  • Dieses Quiz wurde 463 mal gespielt
  • Das Durchschnittsergebnis liegt bei 19 aus 48
Antworten auf der Karte
Die Antworten werden auf der Karte rot bzw. grün angezeigt, abhängig davon wie oft sie richtig erraten wurden.
 
Antwortstatistiken
Antwort % Korrekt
Abu Dhabi
53%
Pjöngjang
53%
Jerusalem
52%
Seoul
51%
Tokio
51%
Kuwait-Stadt
49%
Nikosia
49%
Ankara
47%
Bangkok
47%
Bagdad
46%
Beirut
46%
Tiflis
46%
Damaskus
45%
Singapur
45%
Dhaka
44%
Doha
44%
Sri Jayawardenepura Kotte
44%
Taipeh
44%
Baku
43%
Kabul
41%
Kathmandu
41%
Kuala Lumpur
41%
Manila
41%
Phnom Penh
41%
Riad
41%
Malé
40%
Jerewan
38%
Amman
37%
Maskat
37%
Bandar Seri Begawan
35%
Hanoi
35%
Naypyidaw
35%
Thimphu
35%
Vientiane
35%
Bischkek
32%
Neu-Delhi
32%
Dili
31%
Jakarta
31%
Manama
30%
Teheran
30%
Ulaanbaatar
30%
Islamabad
29%
Sanaa
29%
Peking
27%
Duschanbe
25%
Aşgabat
24%
Taschkent
19%
Astana
15%
Keine übereinstimmenden Quizze gefunden
Verteilung der Resultate
Anzahl Personen mit jedem Resultat
Perzentil nach korrekt beantworteten Fragen
Ihre Resultats-Entwicklung
Sie haben dieses Quiz noch nicht gespielt